000 00947cam a2200265 a 4500
999 _c332550
_d332550
001 13500196
003 NUST
005 20180125092745.0
008 040224s2010 njua 001 0 eng
010 _a 2009278794
020 _a9780136077916
020 _a0136077919
040 _aDLC
_cDLC
_dDLC
050 0 0 _aTA352
_b.H5 2010
082 0 0 _a620.1054 HIB
_222
100 1 _aHibbeler, R. C.
_91019
245 1 0 _aEngineering mechanics.
_pDynamics /
_cR.C. Hibbeler.
250 _a12th ed.
260 _aUpper Saddle River, NJ :
_bPrentice Hall,
_cc2010.
300 _axv, 732 p. :
_bcol. ill. ;
_c25 cm.
500 _aIncludes index.
501 _aH.B
650 0 _aDynamics.
_97202
906 _a7
_bcbc
_corigcop
_d2
_encip
_f20
_gy-gencatlg
942 _2ddc
_cREF
_kIESE